Tip menjadi individu menarik

Bibliographic Details
Main Author: Mohd Fadzilah Kamsah
Other Authors: Ahmad Naim Jaafar
Format: Book
Published: Bentong : PTS Millennia Sdn. Bhd , 2005
Series:Siri pembangunan diri
Subjects:

MARC

LEADER 00000cam a2200000 7i4500
001 0000094017
005 20051013.0
020 |a 9833372147 
090 0 0 |a 158.1   |b MOH 
100 0 |a Mohd Fadzilah Kamsah   |f Dr 
245 1 0 |a Tip menjadi individu menarik   |c Dato' Mohd. Fadzilah Kamsah, Ahmad Naim Jaafar 
260 |a Bentong :   |b PTS Millennia Sdn. Bhd ,   |c 2005 
300 |a 224p. ;   |c 23cm. 
490 0 |a Siri pembangunan diri 
650 0 0 |a Personality and motivation 
650 0 0 |a Personality development 
650 0 0 |a Self-actualization (Psychology) 
650 0 0 |a Self-confidence 
700 0 |a Ahmad Naim Jaafar 
999 |a 00185812   |b BUKU   |c PINJAMAN   |e PERPUSTAKAAN KOMUNITI PETALING JAYA